| 000 | 00407cam a2200169ua 4500 | ||
|---|---|---|---|
| 020 | _cRs 3.00 | ||
| 041 |
_ahin _h |
||
| 082 |
_a891.43 _bMOH/JA |
||
| 100 | _aMohan, Rakesh . | ||
| 245 |
_aJanvar our Janvar / _cMohan Rakesh. _hTextual Documents |
||
| 260 |
_aDelhi : _bRajkamal Prakash , _c1931. |
||
| 300 | _a230 ; . | ||
| 365 | _aRs 3.00 | ||
| 504 | _a | ||
| 942 | _cBK | ||
| 999 |
_c2533 _d2533 |
||